Nature-Friendly Land Use Practices at Multiple Scales

Bibliographic Details
Main Author: Kihslinger, Rebecca L.
Other Authors: Mcelfish Jr., James M.
Format: eBook
Language:English
Published: Washington DC: Environmental Law Institute, 2009
Subjects:
Online Access:Acceso restringido

MARC

LEADER 00000nam a22000007a 4500
005 2022091603583.0
007 cr|||| ||||
008 220916s2009 us |||||s|||| 00||0 eng d
020 |a 978-1-58576-140-1 
035 |a 36368 
040 |a vLex 
090 |c 13918  |d 13918 
100 1 |a Kihslinger, Rebecca L. 
245 1 0 |a Nature-Friendly Land Use Practices at Multiple Scales  |h [Recurso electrn̤ico] /  |c Rebecca L. Kihslinger, James M. Mcelfish Jr. 
256 |a Servicio en ln̕ea 
260 |a Washington DC:  |b Environmental Law Institute,  |c 2009 
300 |a 1 recurso electrn̤ico 
500 |a Development due to urbanization is the most significant threat to U.S. wildlife conservation. According to estimates, the nation will need approximately two million new housing units a year to meet the demands of the next 100 million U.S. residents. However, there are significant opportunities to influence the pattern and extent of development in order to meet conservation goals.This unique book is organized around eight detailed case studies of private land developers, local governments, and public agencies that have worked across jurisdictional and ecological boundaries to effectively address habitat conservation. The book includes two essays by leading conservation biologists who link planning at scale with sound land use decisions.The book articulates six lessons or “best practices” for the design and implementation of programs and projects that incorporate effective conservation at multiple scales:• creating and sustaining an independent entity focused on habitat, including regional conservation efforts;• maintaining dynamic access to conservation science;• “branding” a project or place as wildlife-supporting;• identifying regional habitat conservation opportunities and funding sources;• educating the community in order to increase citizen involvement;• achieving external certification in order to maintain a project’s continuity as nature-friendly over time.These key elements provide planners, developers, and government agencies with attainable objectives for the design and implementation of land use programs that incorporate wildlife conservation at multiple scales. 
506 1 |a Disponible solo en los productos indicados  |d vLex Global  |d vLex Global (Academic Edition, excluding Law Schools)  |d vLex Global (Academic Edition, Law Schools) 
650 0 4 |a Derecho Comunitario  |z Estados Unidos 
650 0 4 |a Derecho del Medio Ambiente  |z Estados Unidos 
700 1 |a Mcelfish Jr., James M. 
740 0 |a vLex Libros (Servicio en ln̕ea) 
856 4 0 |u https://app.vlex.com/#/sources/36368  |z Acceso restringido 
942 |c BOOK 
999 0 |a Community Law 
999 0 |a Environmental Law